| 000 | 00917nam a22002297a 4500 | ||
|---|---|---|---|
| 999 |
_c8415 _d8415 |
||
| 003 | GBCCL | ||
| 005 | 20241126110650.0 | ||
| 008 | 210212b ||||| |||| 00| 0 eng d | ||
| 020 | _a031020495X (softcover : alk. paper) | ||
| 020 | _a9780310204954 | ||
| 040 | _cgbc | ||
| 082 |
_a200.223 _bHOU |
||
| 100 |
_aHouse, H. Wayne. _98795 |
||
| 245 |
_aCharts of world religions / _cH. Wayne House. |
||
| 260 |
_aGrand Rapids, Mich. : _bZondervan, _cc2006. |
||
| 300 |
_a336 p. : _bill. ; _c28 cm. |
||
| 440 |
_aZondervanCharts _914728 |
||
| 504 | _aIncludes bibliographical references (p. 322-336) and index. | ||
| 505 | _a"This collection of charts shows what the major religions of the world have in common and how they differ in terms of beliefs, practices, and understanding of human nature and the supernatural"--Provided by publisher. | ||
| 650 |
_aReligions _vCharts, diagrams, etc. _914729 |
||
| 942 |
_2ddc _cBK _015 |
||